Porovnanie softwarových produktov Statgraphics Plus a SPSS pri analýze stochastických procesov

Guardado en:
Detalles Bibliográficos
Autor principal: Rublíková, Eva
Formato: Capítulo de libro
Lenguaje:eslovaco
Etiquetas: Agregar Etiqueta
Sin Etiquetas, Sea el primero en etiquetar este registro!

MARC

LEADER 00000naa$a2200000$$$4500
001 0095128
005 20240502072047.3
041 0 |a slo 
044 |a SK 
245 1 0 |a Porovnanie softwarových produktov Statgraphics Plus a SPSS pri analýze stochastických procesov  |c Eva Rublíková 
100 1 |a Rublíková, Eva